<?xml version="1.0" encoding="UTF-8"?>
<record
    xmlns:xsi="http://www.w3.org/2001/XMLSchema-instance"
    xsi:schemaLocation="http://www.loc.gov/MARC21/slim http://www.loc.gov/standards/marcxml/schema/MARC21slim.xsd"
    xmlns="http://www.loc.gov/MARC21/slim">

  <leader>01228nam1a2200289 i 4500</leader>
  <controlfield tag="001">RU\NLR\bibl\1045135</controlfield>
  <controlfield tag="005">20241214054051.0</controlfield>
  <datafield tag="035" ind1=" " ind2=" ">
    <subfield code="a">(NLR Aleph) 001032508</subfield>
  </datafield>
  <datafield tag="090" ind1=" " ind2=" ">
    <subfield code="a">767588</subfield>
    <subfield code="c">767588</subfield>
  </datafield>
  <datafield tag="100" ind1=" " ind2=" ">
    <subfield code="a">20070214g20059999u  y0rusy50      ca</subfield>
  </datafield>
  <datafield tag="101" ind1="0" ind2=" ">
    <subfield code="a">rus</subfield>
  </datafield>
  <datafield tag="102" ind1=" " ind2=" ">
    <subfield code="a">RU</subfield>
  </datafield>
  <datafield tag="105" ind1=" " ind2=" ">
    <subfield code="a">|   z   |||||</subfield>
  </datafield>
  <datafield tag="200" ind1="1" ind2=" ">
    <subfield code="a">&#x41F;&#x43E;&#x43A;&#x43B;&#x43E;&#x43D;&#x438;&#x43C;&#x441;&#x44F; &#x432;&#x435;&#x43B;&#x438;&#x43A;&#x438;&#x43C; &#x442;&#x435;&#x43C; &#x433;&#x43E;&#x434;&#x430;&#x43C;</subfield>
    <subfield code="e">[&#x434;&#x43E;&#x43A;&#x443;&#x43C;&#x435;&#x43D;&#x442;&#x430;&#x43B;&#x44C;&#x43D;&#x43E;&#x435; &#x438;&#x437;&#x434;&#x430;&#x43D;&#x438;&#x435;</subfield>
    <subfield code="f">&#x440;&#x435;&#x434;&#x430;&#x43A;&#x442;&#x43E;&#x440;: &#x421;. &#x41F;. &#x421;&#x435;&#x43A;&#x440;&#x435;&#x442;&#x430;&#x440;&#x435;&#x432;&#x430;]</subfield>
  </datafield>
  <datafield tag="210" ind1=" " ind2=" ">
    <subfield code="a">&#x422;&#x440;&#x43E;&#x438;&#x446;&#x43A;&#x43E;-&#x41F;&#x435;&#x447;&#x43E;&#x440;&#x441;&#x43A;</subfield>
    <subfield code="a">&#x421;&#x44B;&#x43A;&#x442;&#x44B;&#x432;&#x43A;&#x430;&#x440;</subfield>
    <subfield code="c">&#x418;&#x43D;&#x444;&#x43E;&#x440;&#x43C;&#x430;&#x446;&#x438;&#x43E;&#x43D;&#x43D;&#x43E;&#x435; &#x430;&#x433;&#x435;&#x43D;&#x442;&#x441;&#x442;&#x432;&#x43E; "&#x421;&#x435;&#x432;&#x435;&#x440;"</subfield>
    <subfield code="d">2005&#x2013;</subfield>
  </datafield>
  <datafield tag="215" ind1=" " ind2=" ">
    <subfield code="d">20</subfield>
  </datafield>
  <datafield tag="300" ind1=" " ind2=" ">
    <subfield code="a">&#x41D;&#x443;&#x43C;&#x435;&#x440;&#x430;&#x446;&#x438;&#x44F; &#x441;&#x431;&#x43E;&#x440;&#x43D;&#x438;&#x43A;&#x43E;&#x432; &#x443;&#x43A;&#x430;&#x437;&#x430;&#x43D;&#x430; &#x432; &#x430;&#x43D;&#x43D;&#x43E;&#x442;.</subfield>
  </datafield>
  <datafield tag="606" ind1="1" ind2=" ">
    <subfield code="a">&#x412;&#x435;&#x43B;&#x438;&#x43A;&#x430;&#x44F; &#x41E;&#x442;&#x435;&#x447;&#x435;&#x441;&#x442;&#x432;&#x435;&#x43D;&#x43D;&#x430;&#x44F; &#x432;&#x43E;&#x439;&#x43D;&#x430;</subfield>
    <subfield code="j">&#x421;&#x431;&#x43E;&#x440;&#x43D;&#x438;&#x43A;&#x438;</subfield>
    <subfield code="x">&#x413;&#x435;&#x440;&#x43E;&#x438; &#x438; &#x433;&#x435;&#x440;&#x43E;&#x438;&#x437;&#x43C;</subfield>
    <subfield code="y">&#x422;&#x440;&#x43E;&#x438;&#x446;&#x43A;&#x43E;-&#x41F;&#x435;&#x447;&#x43E;&#x440;&#x441;&#x43A;&#x438;&#x439; &#x440;&#x430;&#x439;&#x43E;&#x43D; (&#x41A;&#x43E;&#x43C;&#x438; &#x410;&#x421;&#x421;&#x420;)</subfield>
    <subfield code="z">1941 - 1945</subfield>
    <subfield code="9">2434089</subfield>
    <subfield code="3">RU\NLR\auth\661448562</subfield>
  </datafield>
  <datafield tag="686" ind1=" " ind2=" ">
    <subfield code="a">&#x422;3(2)722.78&#x44F;43</subfield>
  </datafield>
  <datafield tag="686" ind1=" " ind2=" ">
    <subfield code="a">&#x426;35(2)722-424&#x434;(2&#x420;-6&#x41A;&#x43E;)&#x44F;43</subfield>
  </datafield>
  <datafield tag="702" ind1=" " ind2="1">
    <subfield code="a">&#x421;&#x435;&#x43A;&#x440;&#x435;&#x442;&#x430;&#x440;&#x435;&#x432;&#x430;</subfield>
    <subfield code="b">&#x421;. &#x41F;.</subfield>
    <subfield code="4">340</subfield>
  </datafield>
  <datafield tag="801" ind1=" " ind2="0">
    <subfield code="a">RU</subfield>
    <subfield code="b">NLR</subfield>
    <subfield code="c">20070214</subfield>
    <subfield code="g">RCR</subfield>
  </datafield>
  <datafield tag="801" ind1=" " ind2="1">
    <subfield code="a">RU</subfield>
    <subfield code="b">NLR</subfield>
    <subfield code="c">20070214</subfield>
  </datafield>
  <datafield tag="852" ind1=" " ind2=" ">
    <subfield code="a">NLR</subfield>
    <subfield code="j">2006-3/2351</subfield>
  </datafield>
  <datafield tag="942" ind1=" " ind2=" ">
    <subfield code="c">BOOK</subfield>
  </datafield>
</record>
